<?xml version="1.0" encoding="UTF-8"?>
<record
    xmlns:xsi="http://www.w3.org/2001/XMLSchema-instance"
    xsi:schemaLocation="http://www.loc.gov/MARC21/slim http://www.loc.gov/standards/marcxml/schema/MARC21slim.xsd"
    xmlns="http://www.loc.gov/MARC21/slim">

  <leader>00638nam a2200169Ia 4500</leader>
  <controlfield tag="008">180921t    xxu||||| |||| 00| 0 sin d</controlfield>
  <datafield tag="041" ind1=" " ind2=" ">
    <subfield code="a">sin</subfield>
  </datafield>
  <datafield tag="080" ind1=" " ind2=" ">
    <subfield code="a">65 SRI L</subfield>
    <subfield code="b">NKA</subfield>
  </datafield>
  <datafield tag="100" ind1=" " ind2=" ">
    <subfield code="a">Sri lanka chartered accountancy institument</subfield>
  </datafield>
  <datafield tag="245" ind1=" " ind2=" ">
    <subfield code="a">&#xDB4;&#xDAF;&#xDB1;&#xDB8;&#xDD2; &#xDC3;&#xDCA;&#xDC0; &#xD85;&#xDB0;&#xDCA;&#x200D;&#xDBA;&#xDBA;&#xDB1; &#xDB4;&#xDCF;&#xDA8;&#xDB8;&#xDCF;&#xDBD;&#xDCF;&#xDC0; : &#xDAD;&#xDD3;&#xDBB;&#xDAB; &#xD9C;&#xDD0;&#xDB1;&#xDD2;&#xDB8;&#xDD9;&#xDD2; &#xDC1;&#xDD2;&#xDBD;&#xDCA;&#xDB4;&#xDD3;&#xDBA; &#xD9A;&#xDCA;&#x200D;&#xDBB;&#xDB8; &#xDB4;&#xDCA;&#x200D;&#xDBB;&#xDC0;&#xDD9;&#xDD2;&#xDC1;&#xDBA;</subfield>
  </datafield>
  <datafield tag="246" ind1=" " ind2=" ">
    <subfield code="a">Padanam sva adyayana pathamalava : thirana gaenime shilpiya krama praveshaya</subfield>
  </datafield>
  <datafield tag="300" ind1=" " ind2=" ">
    <subfield code="a">129p.,  26 cm</subfield>
  </datafield>
  <datafield tag="650" ind1=" " ind2=" ">
    <subfield code="a">Statics</subfield>
  </datafield>
  <datafield tag="942" ind1=" " ind2=" ">
    <subfield code="c">BK</subfield>
  </datafield>
  <datafield tag="952" ind1=" " ind2=" ">
    <subfield code="0">0</subfield>
    <subfield code="1">0</subfield>
    <subfield code="4">0</subfield>
    <subfield code="7">0</subfield>
    <subfield code="8">SCI</subfield>
    <subfield code="a">MAIN</subfield>
    <subfield code="b">MAIN</subfield>
    <subfield code="d">2023-06-11</subfield>
    <subfield code="o">65 SRI LANKA</subfield>
    <subfield code="p">139031</subfield>
    <subfield code="r">2023-06-11</subfield>
    <subfield code="w">2023-06-11</subfield>
    <subfield code="y">BK</subfield>
  </datafield>
  <datafield tag="999" ind1=" " ind2=" ">
    <subfield code="c">18277</subfield>
    <subfield code="d">18277</subfield>
  </datafield>
  <controlfield tag="003">LK-CoDNM</controlfield>
  <datafield tag="040" ind1=" " ind2=" ">
    <subfield code="a">LK-CoDNM</subfield>
    <subfield code="d">LK-CoDNM</subfield>
    <subfield code="e">LK-CoDNM</subfield>
  </datafield>
</record>
